Historia 1 : la antiguedad y el medioevo /
Guardado en:
| Autor Principal: | |
|---|---|
| Formato: | Libro |
| Publicado: |
Buenos Aires :
Kapelusz
|
| Materias: | |
| Etiquetas: |
Agregar Etiqueta
Sin Etiquetas, Sea el primero en etiquetar este registro!
|
| LEADER | 01113nam a22002655a 4500 | ||
|---|---|---|---|
| 001 | CEM.cems007415 | ||
| 005 | 20080221161030.0 | ||
| 008 | 130507b######################000#0#####d | ||
| 003 | CEMS | ||
| 020 | |a 950132561X | ||
| 082 | 0 | 4 | |a Z930 |
| 100 | 1 | |a Vázquez de Fernández, Silvia A. | |
| 245 | 1 | 0 | |a Historia 1 : |b la antiguedad y el medioevo / |c Silvia A. Vázquez de Fernández |
| 260 | |a Buenos Aires : |b Kapelusz | ||
| 300 | |a 183 p. | ||
| 505 | 0 | |a Historia y prehistoria -- El mundo antiguo -- El mundo medieval | |
| 653 | |a Historia | ||
| 653 | |a Historia-3er. ciclo egb | ||
| 859 | |a CEMS |b BIB. CEMS - 11 de abril |h Z930 |i V443 |p 17341.93 |t Ej.1 |v I |3 I | ||
| 859 | |a CEMS |b BIB. CEMS - 11 de abril |h Z930 |i V443 |p 17964.94 |t Ej.2 |v I |3 I | ||
| 859 | |a CEMS |b BIB. CEMS - 11 de abril |h Z930 |i V443 |p 17965.94 |t Ej.3 |v I |3 I | ||
| 859 | |a CEMS |b BIB. CEMS - 11 de abril |h Z930 |i V443 |p 17966.94 |t Ej.4 |v I |3 I | ||
| 859 | |a CEMS |b BIB. CEMS - 11 de abril |h Z930 |i V443 |p 88822.20 |t Ej.6 |v I |3 I | ||
| 859 | |a CEMS |b BIB. CEMS - 11 de abril |h Z930 |i V443 |p 88888.01 |t Ej.5 |v I |3 I | ||
| 859 | |a CEMS |b BIB. CEMS - 11 de abril |h Z930 |i V443 |p 88888.11 |t Ej.7 |v I |3 I | ||
